LEADER 01028nam a2200313 i 4500 001 991000982179707536 005 20020507104721.0 008 970307s1964 us ||| | eng 035 $ab10157013-39ule_inst 035 $aLE00640154$9ExL 040 $aDip.to Fisica$bita 084 $a53.1.4 084 $a53.3.13 084 $a53.5 084 $a53.8 084 $a530.12 084 $aQC174.5 100 1 $aTinkham, Michael$09018 245 10$aGroup theory and quantum mechanics /$cMichael Tinkham 260 $aNew York :$bMcGraw-Hill Book Co.,$c1964 300 $axii, 340 p. :$bill. ;$c23 cm. 490 0 $aInternational series in pure and applied physics 650 4$aGroup theory 907 $a.b10157013$b17-02-17$c27-06-02 912 $a991000982179707536 945 $aLE006 53.3.13 TIN$g1$i2006000075756$lle006$o-$pE0.00$q-$rl$s- $t0$u4$v0$w4$x0$y.i10189889$z27-06-02 996 $aGroup theory and quantum mechanics$9187242 997 $aUNISALENTO 998 $ale006$b01-01-97$cm$da $e-$feng$gus $h0$i1 LEADER 00643nam a2200193 i 4500 001 991004360437107536 005 20250702090655.0 008 250107s1968 xxu er 001 0 eng d 040 $aBibl. Dip.le Aggr. Scienze Giuridiche - Sez. Studi Giuridici$bita$cSocioculturale Scs 041 0 $aeng 082 04$a325.32$223 100 1 $aRiencourt, Amaury : de$01781873 245 14$aThe American empire /$cAmaury de Riencourt 260 $aNew York :$bThe Dial Press,$c1968 300 $aXVIII, 366 p ;$c23 cm 651 4$aStati Uniti d'America$xEgemonia politica 912 $a991004360437107536 996 $aAmerican empire$94306970 997 $aUNISALENTO